00270nam a2200109Ia 4500008004100000100001400041245003500055260003400090650001200124942000700136999001700143190216s9999||||xx |||||||||||||| ||und|| aLenin V I 0a"Lenin Selected Works Vol 1,2" b"Progress Publishers, Moscow" aHistory cBK c18845d18845